Věroslav Bergr : pocta Mahlerovi : [10.7.-15.9.2013, Dům Gustava Mahlera, Jihlava /
| Main Author: | Bergr, Věroslav, 1928-2022 |
|---|---|
| Corporate Author: | Dům Gustava Mahlera (Jihlava, Česko) |
| Other Authors: | Larvová, Hana |
| Language: | Esperanto German Czech English |
| Published: |
Jihlava : Statutární město Jihlava, 2013 |
| Edition: | 1. vyd. |
| Subjects: | |
| Physical Description: |
27 s. : barev. il. ; 21 x 22 cm |
| Language note: |
Souběžný anglický, esperantský a německý text |
|
| LEADER | 02144nam a2200589 a 4500 | ||
|---|---|---|---|
| 001 | nkc20132469136 | ||
| 003 | CZ PrNK | ||
| 005 | 20130924130341.0 | ||
| 007 | ta | ||
| 008 | 130620s2013 xr ac e c 000 0dcze | ||
| 020 | |a 978-80-260-4553-3 |q (brož.) | ||
| 040 | |a OLA001 |b cze | ||
| 041 | 1 | |a cze |a eng |a epo |a ger |h cze | |
| 043 | |a e-xr--- | ||
| 045 | |a x5y1 | ||
| 072 | 7 | |a 75 |x Malířství |2 Konspekt |9 21 | |
| 080 | |a 75(437.3) |2 MRF | ||
| 080 | |a 75.036/.038 |2 MRF | ||
| 080 | |a 78 |2 MRF | ||
| 080 | |a 7.07 |2 MRF | ||
| 080 | |a (437.3) |2 MRF | ||
| 080 | |a (083.824) |2 MRF | ||
| 100 | 1 | |a Bergr, Věroslav, |d 1928-2022 |7 jn19990209048 |4 art | |
| 245 | 1 | 0 | |a Věroslav Bergr : |b pocta Mahlerovi : [10.7.-15.9.2013, Dům Gustava Mahlera, Jihlava / |c autorka koncepce výstavy a textu Hana Larvová] |
| 246 | 3 | |a Pocta Mahlerovi - Věroslav Bergr | |
| 246 | 3 | 0 | |a Bergr |
| 250 | |a 1. vyd. | ||
| 260 | |a Jihlava : |b Statutární město Jihlava, |c 2013 | ||
| 300 | |a 27 s. : |b barev. il. ; |c 21 x 22 cm | ||
| 500 | |a Životopisná data, přehled výstav a zastoupení ve sbírkách | ||
| 500 | |a 150 výt. | ||
| 546 | |a Souběžný anglický, esperantský a německý text | ||
| 600 | 1 | 7 | |a Bergr, Věroslav, |d 1928-2022 |7 jn19990209048 |2 czenas |
| 648 | 7 | |a 20.-21. století |7 ch462155 |2 czenas | |
| 648 | 4 | |a 1959-2012 | |
| 650 | 0 | 7 | |a české malířství |7 ph116864 |y 20.-21. století |2 czenas |
| 650 | 0 | 7 | |a moderní malířství |7 ph122940 |z Česko |2 czenas |
| 650 | 0 | 7 | |a hudba |7 ph114719 |2 czenas |
| 650 | 0 | 7 | |a umělecká inspirace |7 ph180931 |2 czenas |
| 650 | 0 | 9 | |a Czech painting |y 20th-21st centuries |2 eczenas |
| 650 | 0 | 9 | |a modern painting |z Czechia |2 eczenas |
| 650 | 0 | 9 | |a music |2 eczenas |
| 650 | 0 | 9 | |a inspiration in art |2 eczenas |
| 655 | 7 | |a katalogy výstav |7 fd132536 |2 czenas | |
| 655 | 9 | |a exhibition catalogs |2 eczenas | |
| 700 | 1 | |a Larvová, Hana |7 jx20080207021 |4 wfw | |
| 710 | 2 | |a Dům Gustava Mahlera (Jihlava, Česko) |7 xx0087425 | |
| 910 | 2 | |a BOA001 |b 2-1310.530 | |
| 990 | |a BK | ||
| 995 | |a 11 | ||
| 991 | |b 201309 |c NOV |e n | ||
| 996 | 6 | |b 2610562757 |c 2-1310.530 |l MZK |r Sklad / do 1 hodiny |n 1 |p p.v. |w 001362491 |u 000010 |a 1 |e BOA001 |j MZK50 |s P | |
English
Čeština 